Provins - Choix multiples - Statistiques

Statistiques générales
  • Ce quiz a été pris 30 fois
  • Le résultat moyen est 6 sur 10
Statistiques - réponses
Question Réponse % Correct
Quel type de spectacles a fréquemment lieu à Provins ? Des spectacles d'aigles
100%
Quel lieu est inscrit au Patrimoine mondial de l'UNESCO ? L'ensemble de la ville fortifiée
77%
Quelle rivière passe par Provins ? La Voulzie
73%
Dans quelle région naturelle se trouve Provins ? La Brie
69%
Quelle photo ne représente pas Provins ?
50%
Laquelle de ces villes ne faisait pas partie des Foires de Champagne, contrairement à Provins ? Charleville-Mézières
50%
Quel ancien président du parti Les Républicains a été maire de Provins ? Christian Jacob
50%
Comment s'appelle le tournoi international de rugby ayant lieu tous les ans à Provins ? Les Médi'ovales
50%
Quel auteur a écrit "Pierrette", roman se déroulant entièrement à Provins ? Honoré de Balzac
38%
Laquelle de ces anecdotes médiévales sur Provins est fausse ? À partir du Xe siècle, les seigneurs de Provins sont les comtes de Blois.
31%
Aucun quiz correspondant
Distribution des résultats
% des personnes avec chaque résultat
Percentile par nombre de réponses
Votre historique - résultats
Vous n’avez pas pris ce quiz